Statistics for US States with Short Names - Shape Quiz

Click here to take the quiz!

General Stats

  • This quiz has been taken 208 times
  • The average score is 6 of 6

Answer Stats

Answer% Correct
Texas
100%
Utah
96%
Idaho
94%
Ohio
94%
Maine
93%
Iowa
91%

Score Distribution

Percentile by Number Answered

Percent of People with Each Score

Your Score History

You have not taken this quiz